| 000 | 00941nam a2200277 i 4500 | ||
|---|---|---|---|
| 001 | 000027597 | ||
| 003 | DO-SdBNP | ||
| 005 | 20240305130541.0 | ||
| 007 | ta | ||
| 008 | 110401s2006 dr a 000 j spa d | ||
| 040 |
_aDO-SdBNP _bspa _cBNPHU _erda |
||
| 082 | 4 |
_aRD863.44 _bT231j, 2006 _222 |
|
| 100 | 1 |
_aTavares K., Juan Tomás, _d1953- _eautor _948925 |
|
| 245 | 1 | 0 |
_aJuan Bobo y otros cuentos folklóricos dominicanos / _cJuan Tomás Tavares K. |
| 250 | _a2a. ed. | ||
| 264 |
_aSanto Domingo : _bSociedad Dominicana de Bibliófilos, _c2006. |
||
| 300 |
_a51 páginas : _bilustraciones , _c23 cm. |
||
| 336 |
_2rdacontent _atexto _btxt |
||
| 337 |
_2rdamedia _asin mediación _bn |
||
| 338 |
_2rdacarrier _avolumen _bnc |
||
| 590 | _aInventariado, 2023/MFF | ||
| 650 | 4 |
_aCuentos populares dominicanos _983817 |
|
| 650 | 4 |
_aLiteratura folclórica dominicana _926923 |
|
| 910 | _aValidado. Control de calidad MFF | ||
| 942 |
_2ddc _cLBS1 |
||
| 999 |
_c27089 _d27089 |
||